000 00581nam a2200217Ia 4500
005 20241216010222.0
008 180423s9999||||xx |||||||||||||| ||und||
082 _a985
_bM28
100 _aMATICORENA ESTRADA, MIGUEL
245 0 _aLOS IDEOLOGOS
_bJOSE BAQUIJANO Y CARRILLO
250 _a0
260 _aLIMA-PERU
_bCOM.NAC.SESQUI.IND.DEL P.
_c1976
300 _a628 pag.
_c24 cm
341 _h0
490 _v3
_a3
505 _aHISTORIA-BAQUIJANO Y CARRILLO
541 _aC
_d13-Oct-93
650 _aHISTORIA, GEOGRAFIA, BIOGRAFIAS
856 _zHumanidades
942 _cLIBRO
999 _c8664
_d8664